[Event "ROU-chT Women Superliga 2018"]
[Site "Sovata"]
[Date "2018.11.30"]
[Round "6"]
[White "Lehaci, Miruna-Daria"]
[Black "Aciu, Malina-Andreea"]
[Result "1-0"]
[WhiteElo "2067"]
[BlackElo "1976"]
[Annotator "NA RC"]
[PlyCount "101"]
[EventDate "2018.11.24"]
[EventType "team-tourn"]
[EventCountry "ROU"]
[SourceTitle "playchess.com"]
[Source "ChessBase"]
[SourceQuality "1"]
[TimeControl "40/5400+30:1800+30"]

1. e4 {[%emt 0:00:00]} c5 {[%emt 0:00:00]} 2. Nf3 {[%emt 0:00:00]} d6 {[%emt 0:00:17]} 3. d4 {[%emt 0:00:00]} cxd4 {[%emt 0:00:04]} 4. Nxd4 {[%emt 0:00:00]} Nf6 {[%emt 0:00:06]} 5. f3 {[%emt 0:00:00]} e5 {[%emt 0:00:04]} 6. Nb3 {[%emt 0:00:03]} Be7 {[%emt 0:00:58]} 7. c4 {[%emt 0:00:50]} Be6 {[%emt 0:02:54]} 8. Be3 {[%emt 0:14:36] B55: Sicilian: 2...d6 3 d4 cxd4 4 Nxd4 Nf6 5 f3} (8. Nc3 Nbd7 9. Be3 O-O 10. Be2 Rc8 11. Nd5 Bxd5 12. cxd5 Nb6 13. O-O Nfd7 14. Na5 Rc7 15. Qd2 f5 16. exf5 Rxf5 {½-½ (27) Oleksienko,M (2621)-Areshchenko,A (2666) Al Ain 2014}) 8... O-O {[%emt 0:03:34]} 9. Nc3 {[%emt 0:00:23]} a6 {[%emt 0:00:59]} 10. Be2 {[%emt 0:02:08]} Nbd7 {[%emt 0:04:59] LiveBook: 3 Games} 11. O-O {[%emt 0:01:49]} Rc8 {[%emt 0:04:41]} 12. Nd2 {[%emt 0:04:09]} Nh5 {[%emt 0:08:06]} 13. Nd5 {[%emt 0:04:46]} (13. g3 $5 {[%cal Rf3f4]}) 13... Bxd5 {[%emt 0:02:00]} 14. cxd5 {[%emt 0:01:04]} Bg5 {[%emt 0:10:30]} 15. Bf2 {[%emt 0:04:35]} g6 $146 {[%emt 0:04:40]} ({Predecessor:} 15... Nf4) 16. Re1 {[%emt 0:09:37]} f5 {[%emt 0:08:13]} 17. Bf1 {[%emt 0:00:32]} Qc7 {[%emt 0:03:59]} 18. b3 {[%emt 0:11:28]} Ndf6 {[%emt 0:06:26]} 19. g3 {[%emt 0:11:08]} Ng7 {[%emt 0:08:50]} 20. Bh3 {[%emt 0:01:57]} b5 {[%emt 0:03:14]} 21. Nf1 {[%emt 0:04:55]} Qf7 {[%emt 0:08:07]} 22. Ne3 {[%emt 0:14:31]} Nd7 {[%emt 0:01:24]} 23. Qe2 {[%emt 0:00:48]} Nc5 {[%emt 0:01:49]} 24. Rf1 {[%emt 0:00:54]} Rce8 {[%emt 0:00:54]} 25. Nc2 {[%emt 0:01:17]} h5 {[%emt 0:05:32]} 26. Nb4 {[%emt 0:04:51]} ({White should try} 26. Kh1 $16) 26... Qb7 {[%emt 0:00:47]} 27. Nd3 {[%emt 0:01:00]} (27. Qc2 $16) 27... Nxd3 {[%emt 0:01:40]} 28. Qxd3 {[%emt 0:00:03]} Rf7 {[%emt 0:02:23]} 29. b4 {[%emt 0:01:59]} Ref8 {[%emt 0:00:41]} 30. Bg2 {[%emt 0:00:01]} Rc7 {[%emt 0:01:12]} 31. Be1 {[%emt 0:02:18]} Rc4 {[%emt 0:01:00]} 32. a4 {[%emt 0:00:54]} Rfc8 {[%emt 0:02:04]} 33. Kh1 {[%emt 0:01:49]} Rc2 {[%emt 0:02:48]} 34. f4 {[%emt 0:00:59]} exf4 {[%emt 0:00:50]} 35. gxf4 {[%emt 0:00:25]} Bf6 {[%emt 0:00:02]} 36. Ra3 {[%emt 0:00:42]} Qb6 {[%emt 0:00:57]} 37. axb5 {[%emt 0:00:38]} axb5 {[%emt 0:00:54]} 38. Ra8 {[%emt 0:00:19]} Rxa8 {[%emt 0:00:27]} 39. Qxc2 {[%emt 0:00:03]} Qb7 {[%emt 0:00:21]} (39... Ra1 $11 {remains equal.}) 40. e5 {[%emt 0:00:00]} dxe5 $2 {[%emt 0:00:00]} (40... Rc8 $16 {was called for.} 41. Bc3 Be7) 41. fxe5 {[%emt 0:01:05]} Bxe5 {[%emt 0:03:48] [#]} 42. d6 $1 {[%emt 0:00:17]} Qc8 {[%emt 0:07:16]} 43. Qb3+ {[%emt 0:00:33]} Kh7 {[%emt 0:00:39]} 44. d7 {[%emt 0:00:32]} Qg8 {[%emt 0:02:28]} 45. Bd5 {[%emt 0:04:32]} Qd8 {[%emt 0:00:50]} 46. Bxa8 {[%emt 0:00:17]} Qxa8+ {[%emt 0:00:06]} 47. Qf3 {[%emt 0:00:05]} Qxf3+ {[%emt 0:03:22]} 48. Rxf3 {[%emt 0:00:05]} Bf6 {[%emt 0:00:04]} 49. Rd3 {[%emt 0:00:37]} Bd8 {[%emt 0:01:10]} 50. Re3 $18 {[%emt 0:00:51]} f4 {[%emt 0:05:43]} 51. Re8 {[%emt 0:00:11]} 1-0

[Event "ROU-chT Women Superliga 2018"]
[Site "Sovata"]
[Date "2018.11.30"]
[Round "6"]
[White "Marin, Irina-Luiza"]
[Black "Raeva, Elitsa"]
[Result "1-0"]
[WhiteElo "2032"]
[BlackElo "2252"]
[Annotator "TA"]
[PlyCount "69"]
[EventDate "2018.11.24"]
[EventType "team-tourn"]
[EventCountry "ROU"]
[SourceTitle "playchess.com"]
[Source "ChessBase"]
[SourceQuality "1"]

{[%evp 12,69,35,17,69,49,76,66,68,66,98,62,100,97,98,91,132,122,164,154,173,162,147,147,169,162,172,146,166,160,327,317,446,476,458,452,494,436,389,245,258,174,262,267,274,277,275,290,286,263,445,22,97,37,166,131,29988,29989,29997,29998]} 1. c4 e5 2. g3 Nc6 3. Nc3 f5 4. Bg2 Nf6 5. e3 Bb4 6. Nge2 O-O 7. Nd5 {LiveBook: 6 Games. A25: English Opening vs King's Indian with ...Nc6 but without early d3} (7. O-O Bxc3 8. Nxc3 d6 9. d4 e4 10. f3 exf3 11. Qxf3 Bd7 12. b3 Rb8 13. Bb2 Qe8 14. Rae1 Qg6 15. Qd1 Ne7 16. e4 fxe4 17. Nxe4 Nxe4 18. Rxe4 Rxf1+ 19. Qxf1 {½-½ (67) Granda Zuniga,J (2663)-Caruana,F (2801) Tromsoe 2014}) 7... a5 (7... Nxd5 $11 8. Bxd5+ Kh8) 8. a3 Bc5 $146 ({Predecessor:} 8... Bd6 9. O-O Nxd5 10. cxd5 Ne7 11. d3 c6 12. Nc3 Kh8 13. f4 b5 14. dxc6 {½-½ (41) Hanken,J (2013)-Zelnick,D Stillwater 2007}) 9. d4 {White is better.} Ba7 10. b4 d6 11. b5 (11. O-O {is interesting.} Ne4 12. Bb2 exd4 13. exd4 Ne7 14. Ndf4) 11... Ne7 12. Nxf6+ gxf6 13. Bb2 $36 {[%mdl 2048] Black is under strong pressure.} Qe8 14. O-O Ng6 15. Qd2 Be6 16. Rac1 c6 17. a4 Qd7 18. h4 {[%cal Bh2h4,Bh4h5][%mdl 32]} Rfd8 19. Rfd1 Bb6 20. Qe1 {Strongly threatening c5.} cxb5 $2 (20... Qg7 $16 {was worth a try.} 21. Ba3 (21. bxc6 bxc6 22. Ba3 d5 $16) 21... cxb5) 21. h5 $18 (21. cxb5 Qf7 $14) (21. axb5 Qc7 $16) 21... Ne7 (21... Nf8 $142 22. c5 (22. cxb5 Qf7 $14) (22. axb5 Qc7 $16) 22... Bc7 23. dxe5 (23. Bxb7 Rab8 $18) 23... fxe5 24. Bxe5 (24. Bxb7 Ra7 $16) 24... Qe7) 22. dxe5 fxe5 {[#]} 23. Bxe5 $1 {[%mdl 512]} Nc6 (23... dxe5 24. Rxd7) 24. Rxd6 Qe7 25. Rxc6 (25. cxb5 Nxe5 26. Rxb6 Nd3 $18) 25... bxc6 26. Ba1 (26. Bxc6 $6 Bxc4 27. Bd4 Rab8 $18) (26. cxb5 Bd5 $16) 26... Qb4 {[#]} ({Much worse is} 26... Bxc4 27. Qc3 (27. Bxc6 Qb4 $14)) (26... b4 $142) 27. Bc3 $1 {[%cal Rc3b4]} ({Weaker is} 27. Bxc6 Qxe1+ 28. Rxe1 Bxc4 $14) 27... Qxa4 28. Bxc6 Bxc4 29. Bxa8 Rxa8 {[#]} 30. Nd4 $1 Bd5 $2 (30... b4) 31. Qe2 $2 (31. e4 $18 Bxd4 32. Qd2 Bxf2+ 33. Kxf2 Qxe4 34. Qg5+ Kf7 35. Qf6+ Ke8 36. Re1 Qxe1+ 37. Kxe1) 31... Qc4 (31... Rd8 $11 {remains equal.}) 32. Qd2 ({Better is} 32. Qd1 $16 {Black must now prevent Bxa5!} Bxd4 33. Bxd4) 32... Bxd4 (32... Be4 $1 $14) 33. Bxd4 Qb3 $2 {[%mdl 8192] [#]} (33... Qb4 $16 34. Qd3 Be4) 34. e4 $1 {[%mdl 512]} Bf7 (34... Bxe4 35. Qg5+) 35. Qh6 {Accuracy: White = 53%, Black = 13%.} 1-0

[Event "ROU-chT Women Superliga 2018"]
[Site "Sovata"]
[Date "2018.11.30"]
[Round "6"]
[White "Rendi, Eva"]
[Black "Peptan, Corina-Isabela"]
[Result "0-1"]
[WhiteElo "2015"]
[BlackElo "2378"]
[Annotator "TA"]
[PlyCount "110"]
[EventDate "2018.11.24"]
[EventType "team-tourn"]
[EventCountry "ROU"]
[SourceTitle "playchess.com"]
[Source "ChessBase"]
[SourceQuality "1"]

{[%evp 17,110,39,49,39,41,0,8,-45,23,35,46,45,63,0,27,18,36,27,47,18,58,-9,-10,-25,0,0,12,0,0,0,0,0,6,0,0,-14,0,0,0,0,0,0,0,0,0,0,0,0,8,0,0,-30,-21,-32,-53,-381,-379,-455,-450,-487,-475,-433,-330,-336,-319,-312,-211,-204,-162,-169,-185,-164,-119,-116,-108,-212,-157,-154,-165,-248,-248,-249,-212,-212,-207,-253,-212,-206,-202,-197,-197,-420,-406,-29982,-29983]} 1. e4 c5 2. Nc3 Nc6 3. Bb5 Nd4 4. Bc4 g6 5. Nf3 Bg7 6. O-O d6 7. Nxd4 cxd4 8. Ne2 Qb6 {B31: Sicilian: 2...Nc6 3 Bb5 g6} 9. d3 Nf6 {[%cal Bg8f6,Bf6d7,Bd7c5,Bc5d3][%mdl 32] LiveBook: 13 Games} 10. h3 (10. Bb3 O-O 11. Kh1 Nd7 12. f4 Nc5 13. f5 Nxb3 14. axb3 d5 15. Bg5 dxe4 16. dxe4 {0-1 (39) Carlsen,M (2837)-Bacrot,E (2713) Biel 2012}) 10... O-O {White is slightly better.} 11. Kh1 Bd7 12. f4 {[#]} (12. a4 $11) 12... Bc6 $146 (12... d5 $1 $15 {[%mdl 512]} 13. exd5 (13. Bxd5 Nxd5) 13... Qc5) ({Predecessor:} 12... d5 13. exd5 Qc5 14. b4 Qxb4 15. a4 {1-0 (60) Avila,P (1930)-Palu,A (2101) Buenos Aires 2016}) 13. Bb3 $11 d5 14. e5 Nd7 15. Qe1 (15. a4 $14) 15... a5 16. c3 Nc5 17. Bc2 Bb5 18. Qg3 (18. Rf3 {looks sharper.} dxc3 19. bxc3 f6 20. exf6 Qxf6 21. Ba3) 18... Qa6 {[%cal Rb5d3]} 19. Nxd4 (19. Rd1 $14) 19... Bxd3 20. Bxd3 Qxd3 (20... Nxd3 {seems wilder.} 21. Rd1 Nc5 22. Qe1 a4 23. Nf3 Qc6) 21. Qxd3 Nxd3 22. Rf3 Nc5 23. Be3 Rfc8 24. Rd1 a4 25. Nb5 Ra5 26. Bxc5 Rxc5 27. Nd4 {aiming for b4.} Ra6 28. Re1 f6 29. g4 fxe5 30. fxe5 Rc8 31. a3 Rf8 32. Kg2 Rf7 33. Kg3 e6 34. Nb5 Rxf3+ 35. Kxf3 {[%mdl 4096] Endgame KRB-KRN} Rb6 36. Nc7 $2 {[%mdl 8192]} ({Only move:} 36. Nd4 $15) 36... Kf7 $19 37. c4 dxc4 38. Rc1 Bxe5 39. Rxc4 Ke7 40. Ke4 Bxb2 41. Rxa4 Kd7 42. Na8 Rb3 43. Rc4 Kd6 44. a4 b5 45. axb5 Rxb5 46. Nc7 (46. Ra4 $17) 46... Rb6 47. h4 Kd7 48. g5 (48. Na8 $142 Ra6 49. Rc7+ Kd6 50. Rc2) 48... Ba3 {...Bd6 is the strong threat.} 49. Na8 Rb7 50. Rd4+ Bd6 51. Rc4 Rb3 52. Ra4 Bc5 53. Ke5 Ke7 54. h5 $2 (54. Ra6 {was worth a try.}) 54... gxh5 55. Rh4 {[#]} (55. Ra6 $19 Kd7 56. Ra5) 55... Bd6+ {Accuracy: White = 32%, Black = 62%.} 0-1

[Event "ROU-chT Women Superliga 2018"]
[Site "Sovata"]
[Date "2018.11.30"]
[Round "6"]
[White "Ciolacu, Alessia-Mihaela"]
[Black "Visanescu, Daria-Ioana"]
[Result "1-0"]
[WhiteElo "1972"]
[BlackElo "2096"]
[Annotator "NA RC"]
[PlyCount "79"]
[EventDate "2018.11.24"]
[EventType "team-tourn"]
[EventCountry "ROU"]
[SourceTitle "playchess.com"]
[Source "ChessBase"]
[SourceQuality "1"]
[TimeControl "40/5400+30:1800+30"]

1. d4 {[%emt 0:00:00]} d5 {[%emt 0:00:00]} 2. c4 {[%emt 0:00:00]} e6 {[%emt 0:00:00]} 3. Nc3 {[%emt 0:00:00]} Nf6 {[%emt 0:00:01]} 4. cxd5 {[%emt 0:00:02]} exd5 {[%emt 0:00:40]} 5. Bg5 {[%emt 0:00:21]} Be7 {[%emt 0:00:36]} 6. e3 {[%emt 0:00:22]} O-O {[%emt 0:01:10]} 7. Bd3 {[%emt 0:00:08]} h6 {[%emt 0:01:33]} 8. Bh4 {[%emt 0:00:18]} c6 {[%emt 0:01:01]} 9. Qc2 {[%emt 0:04:09]} Be6 {[%emt 0:00:25]} 10. Nge2 {[%emt 0:00:29]} Nh5 {[%emt 0:01:41]} 11. Bxe7 {[%emt 0:00:30]} Qxe7 {[%emt 0:00:07]} 12. O-O {[%emt 0:00:24]} Nd7 {[%emt 0:00:35]} 13. Rae1 {[%emt 0:01:07] D36: Queen's Gambit Declined: Exchange Variation: Main line (5 Bg5 c6 6 Qc2)} f5 {[%emt 0:09:47]} (13... g6 14. f3 Ng7 15. Qd2 Qg5 16. Nf4 Rae8 17. g3 h5 18. Qf2 h4 19. g4 c5 20. Nce2 Qe7 {1-0 (38) Zilberman,Y (2513)-Zoler,D (2524) Israel 1999}) 14. Nf4 {[%emt 0:00:45]} Nxf4 {[%emt 0:00:46]} 15. exf4 {[%emt 0:00:05]} Qd6 {[%emt 0:00:19]} 16. g3 $146 {[%emt 0:00:49]} ({Predecessor:} 16. Re3 Rae8 17. Rfe1 g6 18. g3 Bf7 19. Qa4 a6 20. Rxe8 Rxe8 21. Rxe8+ Bxe8 {0-1 (39) Kim,I (1836)-Tracy,J (2179) San Francisco 2016}) 16... Rae8 {[%emt 0:02:15]} 17. Kg2 {[%emt 0:00:32]} Rf6 {[%emt 0:21:50]} 18. h4 {[%emt 0:08:54]} Kf7 {[%emt 0:10:40]} 19. Ne2 {[%emt 0:03:35]} Rg8 {[%emt 0:00:21]} 20. h5 {[%emt 0:04:54]} Rc8 {[%emt 0:02:14]} 21. Ng1 {[%emt 0:09:26]} c5 {[%emt 0:02:02]} 22. Nf3 {[%emt 0:01:21]} Nf8 {[%emt 0:07:40]} 23. Re5 {[%emt 0:05:12]} cxd4 {[%emt 0:06:16]} 24. Qb1 {[%emt 0:16:11]} Qb6 {[%emt 0:08:09]} 25. Rfe1 {[%emt 0:10:57]} Kg8 {[%emt 0:00:46]} 26. Bxf5 {[%emt 0:02:37]} Bxf5 {[%emt 0:03:01]} 27. Rxf5 {[%emt 0:00:06]} Rd8 {[%emt 0:02:27]} 28. Re7 {[%emt 0:02:04]} Qb4 {[%emt 0:01:19]} 29. Rc7 {[%emt 0:05:21]} Qb6 {[%emt 0:03:12]} 30. Re7 {[%emt 0:01:02]} Qb4 {[%emt 0:00:20]} 31. Rfe5 {[%emt 0:03:47]} Qc4 {[%emt 0:03:02]} 32. Rxb7 {[%emt 0:03:31]} d3 {[%emt 0:03:33]} 33. Ree7 {[%emt 0:01:47]} Ne6 {[%emt 0:00:47]} 34. f5 {[%emt 0:10:14]} Ng5 {[%emt 0:00:04]} 35. Qe1 {[%emt 0:02:52]} Ne4 {[%emt 0:03:01]} 36. Rxg7+ {[%emt 0:00:45]} Kh8 {[%emt 0:01:07]} 37. Qa5 {[%emt 0:01:31]} Re8 {[%emt 0:01:05]} 38. Rh7+ {[%emt 0:00:31]} Kg8 {[%emt 0:00:02]} 39. Rbg7+ {[%emt 0:00:25]} Kf8 {[%emt 0:00:11]} 40. Qxa7 {[%emt 0:00:00]} 1-0

[Event "ROU-chT Women Superliga 2018"]
[Site "Sovata"]
[Date "2018.11.30"]
[Round "6"]
[White "Stanciu, Andreea-Briana"]
[Black "Nastase, Andreea-Cristina"]
[Result "1/2-1/2"]
[WhiteElo "1953"]
[BlackElo "1900"]
[Annotator "NA RC"]
[PlyCount "99"]
[EventDate "2018.11.24"]
[EventType "team-tourn"]
[EventCountry "ROU"]
[SourceTitle "playchess.com"]
[Source "ChessBase"]
[SourceQuality "1"]
[TimeControl "40/5400+30:1800+30"]

{[%evp 27,88,0,0,0,2,-36,32767,32767,32767,0,0,-72,-50,-80,-88,-117,-125,-138,-51,-62,-33,-42,-101,-112,-100,-109,-135,32767,-69,-79,32767,-111,-112,32767,32767,32767,32767,32767,0,-186,32767,-56,32767,-35,-11,-8,0,32767,-11,-24,-50,-23,32767,32767,32767,-50,0,32767,32767,-7,32767,0,0]} 1. f4 {[%emt 0:00:00]} d5 {[%emt 0:00:00]} 2. Nf3 {[%emt 0:00:00]} c5 {[%emt 0:00:00]} 3. e3 {[%emt 0:00:00]} Nc6 {[%emt 0:00:00]} 4. Bb5 {[%emt 0:00:00]} a6 {[%emt 0:02:09]} 5. Bxc6+ {[%emt 0:00:00] A03: Bird's Opening with 1...d5} bxc6 {[%emt 0:00:02]} 6. b3 {[%emt 0:00:19]} f6 {[%emt 0:03:36]} 7. Bb2 {[%emt 0:05:41]} Nh6 {[%emt 0:00:19]} 8. O-O {[%emt 0:02:42]} e6 {[%emt 0:00:21]} 9. d3 {[%emt 0:01:12]} Bd6 $146 {[%emt 0:00:26]} ({Predecessor:} 9... Nf5 10. Qe1 Qb6 11. Kh1 c4 12. e4 cxb3 13. axb3 dxe4 14. dxe4 Ne3 15. Bd4 Bc5 16. Qxe3 {1-0 (16) Lopez,F (2250)-Gonzalez Perez,L (2235) England 1994}) 10. Nbd2 {[%emt 0:01:40]} O-O {[%emt 0:00:39]} 11. g3 {[%emt 0:05:08]} Ng4 {[%emt 0:04:58]} 12. Qe2 {[%emt 0:00:57]} e5 {[%emt 0:00:44]} 13. h3 {[%emt 0:01:58]} Nxe3 {[%emt 0:05:50]} 14. Qxe3 {[%emt 0:00:46]} exf4 {[%emt 0:00:02]} 15. gxf4 {[%emt 0:00:26]} Bxh3 {[%emt 0:00:03]} 16. Rfe1 {[%emt 0:22:14]} (16. Nd4 $5 Qd7 17. f5 Bxf1 18. Ne6 $11) 16... Qe8 {[%emt 0:04:53]} 17. Qxe8 {[%emt 0:01:25]} Raxe8 {[%emt 0:00:02]} 18. Rxe8 {[%emt 0:09:37]} (18. Ba3 $16) 18... Rxe8 {[%emt 0:00:10]} 19. Kh2 {[%emt 0:00:04]} (19. Kf2 $11 {keeps the balance.}) 19... Bd7 {[%emt 0:00:04]} 20. Kg3 {[%emt 0:00:11] [#]} g5 $1 {[%emt 0:00:21]} 21. Bxf6 {[%emt 0:00:25]} Bxf4+ {[%emt 0:00:02]} 22. Kf2 {[%emt 0:00:11] [#]} g4 {[%emt 0:00:58]} ({Better is} 22... Bxd2 $1 $17 23. Bxg5 (23. Nxd2 $2 Rf8 $19) 23... Bxg5 24. Nxg5 h5) 23. Bg5 {[%emt 0:02:42]} Bxg5 $1 {[%emt 0:00:11]} 24. Nxg5 {[%emt 0:00:06]} h6 {[%emt 0:00:01]} 25. Ngf3 {[%emt 0:05:19]} gxf3 {[%emt 0:01:01]} 26. Rg1+ {[%emt 0:00:17]} Kf7 {[%emt 0:03:32]} 27. Nxf3 {[%emt 0:01:27]} Kf6 {[%emt 0:00:31]} (27... h5 $17 28. Rg5 Bg4) 28. Nh4 {[%emt 0:00:41]} Bf5 {[%emt 0:01:28]} 29. Kf3 {[%emt 0:02:45]} (29. Nxf5 $11 {keeps the balance.} Kxf5 30. Rg7) 29... h5 {[%emt 0:01:37]} 30. Nxf5 {[%emt 0:01:01]} Kxf5 {[%emt 0:00:03]} 31. Rg7 {[%emt 0:00:04]} Rh8 {[%emt 0:05:11]} 32. Kg3 {[%emt 0:01:13]} Rb8 {[%emt 0:06:31]} (32... Rh6 $17 33. Ra7 Rg6+ 34. Kh3 Ke5 35. Rxa6 Kd4) 33. Kh4 $2 {[%emt 0:05:32]} (33. Rh7 $11) 33... Ke5 {[%emt 0:01:17]} 34. Ra7 {[%emt 0:04:13]} Rb6 {[%emt 0:04:19]} 35. a4 $1 {[%emt 0:03:41]} c4 {[%emt 0:00:45]} 36. dxc4 {[%emt 0:00:41]} dxc4 {[%emt 0:00:03]} 37. a5 {[%emt 0:03:02]} Rb4 {[%emt 0:00:54]} ({Don't go for} 37... cxb3 $2 38. axb6 b2 39. Re7+ Kd6 40. Re1 $18) 38. bxc4 {[%emt 0:00:06]} Rxc4+ {[%emt 0:00:08]} 39. Kxh5 {[%emt 0:00:06]} Rxc2 {[%emt 0:02:01]} 40. Rxa6 {[%emt 0:00:00]} Kd5 {[%emt 0:00:00]} 41. Kg4 {[%emt 0:03:14]} Ra2 {[%emt 0:00:51]} 42. Kf3 {[%emt 0:01:07]} c5 {[%emt 0:00:22]} 43. Ke3 {[%emt 0:01:59]} Kc4 {[%emt 0:01:20]} 44. Ra8 $11 {[%emt 0:00:33]} Ra3+ {[%emt 0:02:19]} 45. Kd2 {[%emt 0:01:28]} Kb5 {[%emt 0:01:37]} 46. Rb8+ {[%emt 0:01:01]} Ka6 {[%emt 0:01:07]} 47. Rc8 {[%emt 0:00:17]} Rxa5 {[%emt 0:00:08]} 48. Ra8+ {[%emt 0:00:06]} Kb5 {[%emt 0:00:03]} 49. Rxa5+ {[%emt 0:00:07]} Kxa5 {[%emt 0:00:01]} 50. Kc3 {[%emt 0:00:06]} 1/2-1/2

[Event "ROU-chT Women Superliga 2018"]
[Site "Sovata"]
[Date "2018.11.30"]
[Round "6"]
[White "Panainte, Andreea-Bianca"]
[Black "Matasaru, Stephanie"]
[Result "1-0"]
[WhiteElo "1946"]
[BlackElo "1859"]
[Annotator "NA RC"]
[PlyCount "43"]
[EventDate "2018.11.24"]
[EventType "team-tourn"]
[EventCountry "ROU"]
[SourceTitle "playchess.com"]
[Source "ChessBase"]
[SourceQuality "1"]
[TimeControl "40/5400+30:1800+30"]

1. e4 {[%emt 0:00:00]} c5 {[%emt 0:00:00]} 2. c3 {[%emt 0:00:00]} Nf6 {[%emt 0:00:00]} 3. e5 {[%emt 0:00:00]} Nd5 {[%emt 0:00:00]} 4. d4 {[%emt 0:00:00]} cxd4 {[%emt 0:00:00]} 5. Nf3 {[%emt 0:00:00]} Nc6 {[%emt 0:00:03]} 6. Bc4 {[%emt 0:00:00]} Nb6 {[%emt 0:00:14]} 7. Bb3 {[%emt 0:00:01]} d5 {[%emt 0:00:13]} 8. exd6 {[%emt 0:00:06]} Qxd6 {[%emt 0:00:08]} 9. O-O {[%emt 0:00:08]} Be6 {[%emt 0:00:16]} 10. Na3 {[%emt 0:00:07]} dxc3 {[%emt 0:00:11]} 11. Qe2 {[%emt 0:00:12]} Bxb3 {[%emt 0:00:56]} 12. Nb5 {[%emt 0:00:34]} Qd7 {[%emt 0:01:00]} 13. axb3 {[%emt 0:00:33]} e6 {[%emt 0:06:27]} 14. Rd1 {[%emt 0:02:18]} Qc8 {[%emt 0:04:46]} 15. Bf4 {[%emt 0:00:41]} cxb2 {[%emt 0:16:11]} 16. Rab1 $11 {[%emt 0:02:39]} (16. Qxb2 $16 f6 17. Nc7+ {[%mdl 64] Double Attack} Kf7 18. Nxa8 Qxa8 19. Nd4) 16... Bb4 $2 {[%emt 0:05:38]} (16... f6 $11) 17. Bd6 {[%emt 0:01:58]} a6 {[%emt 0:07:21]} 18. Nc7+ {[%emt 0:01:06]} Kd8 {[%emt 0:04:15]} 19. Nxa8 {[%emt 0:00:29]} Nd5 {[%emt 0:06:02]} 20. Rxd5 {[%emt 0:02:10]} exd5 {[%emt 0:04:32]} 21. Bc7+ {[%emt 0:01:12]} Kd7 {[%emt 0:01:16]} 22. Nb6+ {[%emt 0:00:25]} 1-0

[Event "ROU-chT Women Superliga 2018"]
[Site "Sovata"]
[Date "2018.11.30"]
[Round "6"]
[White "Anton, Ana-Roxana"]
[Black "Rata, Anamaria"]
[Result "1-0"]
[WhiteElo "1860"]
[BlackElo "1780"]
[Annotator "NA RC"]
[PlyCount "95"]
[EventDate "2018.11.24"]
[EventType "team-tourn"]
[EventCountry "ROU"]
[SourceTitle "playchess.com"]
[Source "ChessBase"]
[SourceQuality "1"]
[TimeControl "40/5400+30:1800+30"]

1. e4 {[%emt 0:00:00]} c5 {[%emt 0:00:00]} 2. Nc3 {[%emt 0:00:00]} d6 {[%emt 0:00:00]} 3. f4 {[%emt 0:01:04]} Nc6 {[%emt 0:00:47]} 4. Nf3 {[%emt 0:00:06]} g6 {[%emt 0:00:49]} 5. Bc4 {[%emt 0:02:07]} Bg7 {[%emt 0:01:14]} 6. O-O {[%emt 0:00:31]} e6 {[%emt 0:00:30]} 7. d3 {[%emt 0:04:48]} Nge7 {[%emt 0:00:27]} 8. Qe1 {[%emt 0:02:46]} O-O {[%emt 0:04:49]} 9. a3 {[%emt 0:00:55]} a6 {[%emt 0:05:22]} 10. Kh1 {[%emt 0:08:10] B23: Closed Sicilian: Lines without g3} (10. Qh4 d5 11. Ba2 Nd4 12. Nxd4 cxd4 13. Ne2 dxe4 14. dxe4 Qc7 15. Ng3 Re8 16. Rf2 Bd7 17. Bd2 Qb6 {0-1 (26) Lilov,V (2385)-Baramidze,D (2583) Plovdiv 2008}) 10... b6 {[%emt 0:15:34]} 11. Qh4 {[%emt 0:09:36]} Nd4 {[%emt 0:10:31]} 12. Nxd4 {[%emt 0:08:15]} (12. Ng5 $2 h6 $17) 12... cxd4 {[%emt 0:01:17]} 13. Ne2 {[%emt 0:16:56]} d5 {[%emt 0:12:30]} 14. Ba2 {[%emt 0:00:41]} dxe4 {[%emt 0:11:36]} 15. dxe4 {[%emt 0:00:23]} Bb7 {[%emt 0:07:13]} (15... Qc7 $11) 16. Ng3 $146 {[%emt 0:10:54]} ({Predecessor:} 16. f5 exf5 {1-0 (27) Mengus,C (1885)-Renault,J (1955) Chartres 2005}) 16... Nf5 {[%emt 0:07:47]} 17. Nxf5 {[%emt 0:07:03]} gxf5 {[%emt 0:01:15]} ({But not} 17... exf5 18. Qxd8 Rfxd8 19. e5 $15) 18. Qxd8 {[%emt 0:00:44]} Rfxd8 {[%emt 0:00:10]} 19. e5 {[%emt 0:03:34]} Rac8 {[%emt 0:00:39]} 20. Bb1 {[%emt 0:02:08]} Be4 {[%emt 0:00:38]} 21. Rf2 {[%emt 0:02:47]} d3 {[%emt 0:01:54]} 22. c3 {[%emt 0:00:27] [#]} Bf8 $1 {[%emt 0:02:35]} 23. Bd2 {[%emt 0:03:43]} Bc5 {[%emt 0:02:38]} 24. Rf1 $2 {[%emt 0:00:15]} (24. Kg1) 24... Kh8 {[%emt 0:02:09]} 25. b4 {[%emt 0:02:00]} (25. Be1 $142 d2 26. Bxe4 fxe4 27. b4 dxe1=R 28. Raxe1) 25... Be7 {[%emt 0:00:44]} 26. Kg1 {[%emt 0:00:42]} b5 {[%emt 0:05:55]} 27. Ba2 $2 {[%emt 0:01:10]} (27. a4 $17 {keeps fighting.}) 27... Rd7 {[%emt 0:01:47]} 28. Bb3 {[%emt 0:01:00]} Bd8 {[%emt 0:00:35]} 29. h3 {[%emt 0:04:09]} Bb6+ {[%emt 0:01:32]} 30. Kh2 {[%emt 0:00:06]} Rg8 {[%emt 0:00:32]} 31. g3 {[%emt 0:00:10]} h5 {[%emt 0:01:24]} 32. Bd1 {[%emt 0:00:47] [#]} h4 $1 {[%emt 0:00:21]} 33. g4 {[%emt 0:00:14]} fxg4 $2 {[%emt 0:00:26]} (33... a5 $17 34. a4 axb4 35. cxb4 Bd4) 34. hxg4 {[%emt 0:00:46]} Rdd8 {[%emt 0:00:47]} (34... a5 $11 {remains equal.}) 35. Kh3 {[%emt 0:02:03]} Rg7 {[%emt 0:00:31]} 36. Bf3 {[%emt 0:01:12]} Bxf3 {[%emt 0:00:31]} 37. Rxf3 {[%emt 0:00:15]} Rh7 {[%emt 0:00:29]} 38. Rd1 {[%emt 0:01:19]} a5 {[%emt 0:00:25]} 39. Be1 {[%emt 0:00:39]} axb4 {[%emt 0:00:25]} 40. axb4 {[%emt 0:00:00]} Rg7 $2 {[%emt 0:00:00]} (40... d2) 41. Bxh4 {[%emt 0:09:37]} Rh7 {[%emt 0:00:49]} 42. Kg3 {[%emt 0:00:16]} Rc8 {[%emt 0:00:37]} 43. Bf6+ {[%emt 0:03:46]} Kg8 {[%emt 0:00:08]} 44. Rfxd3 {[%emt 0:00:06]} Rb8 $18 {[%emt 0:00:30]} 45. Rd6 {[%emt 0:07:32]} Rh6 {[%emt 0:00:20]} 46. Bd8 {[%emt 0:01:19]} Bxd8 {[%emt 0:01:14]} 47. Rxd8+ {[%emt 0:00:05]} Rxd8 {[%emt 0:00:07]} 48. Rxd8+ {[%emt 0:00:03]} 1-0